00918nam a2200253 a 450000100060000000300080000600500170001400800410003103500190007204000350009104100080012608200220013410000370015624500640019325000110025726000590026830000250032750400360035265000420038865000680043094200120049899900170051095201370052762210BD-RjUL20211209081044.0170123s1957 lau b 001 0 eng d a(BD-RjUL)62335 aBD-RjULcBD-RjULdBD-RjULbeng aeng 223a809bHOF 19571 aHoffman, Frederick John.918503210aFreudianism and the literary mind /cFrederick John Hoffman a2d ed. aBaton Rouge :bLouisiana State University Press,c1957 axi, 350 p. ;c24 cm. aIncludes bibliography and index 0aPsychoanalysis and literature9185033 0aLiterature, Moderny20th centuryxHistory and criticism9185034 2ddccBK c62210d62210 00102ddc40718NFICaRUCLbRUCLcReadingd1964-04-03eZeitlingerg40.00l0o809 HOF 1957r2017-01-23 00:00:00tC-1w2017-01-23yBK